00656cam a2200193 a 450000100060000000300060000600500170001200800410002903500190007004000420008904100080013108200220013910000470016124500550020826000610026330000350032450400640035960000390042325037UkOxU20211209050824.0140316r19661956enka 001 0beng d a(BD-RjUL)25106 aDLCcWSUdOCLdUKMdEQOdBD-RjULbeng aeng00a923.144bGOL 19661 aGooch, G. P.q(George Peabody),d1873-196810aLouis XV :bthe monarchy in decline /cG.P. Gooch. aLondon ;aNew York :bLongmans,c1956. [Impression 1966] axiii, 285 p. :bill. ;c23 cm. aIncludes bibliographical references (p. 277-281) and index.00aLouiscKing of France,d1710-1774.